header

The constitution and contestation of Darhad Shaman's power in contemporary Mongolia (Record no. 71749)

MARC details
000 -LEADER
fixed length control field 01363nam a2200337Ia 4500
100 1# - MAIN ENTRY--AUTHOR NAME
Personal name Hangartner, Judith.
245 14 - TITLE STATEMENT
Title The constitution and contestation of Darhad Shaman's power in contemporary Mongolia
260 ## - PUBLICATION, DISTRIBUTION, ETC. (IMPRINT)
Place of publication Folkestone, UK :
Name of publisher Global Oriental,
Year of publication 2011.
300 ## - PHYSICAL DESCRIPTION
Number of Pages xiv, 360 p. :
Other physical details ill., maps.
490 1# - SERIES STATEMENT
Series statement Inner Asia series ;
650 #0 - SUBJECT ADDED ENTRY--TOPICAL TERM
Topical Term Shamanism
Topical Term Shamans
856 40 - ELECTRONIC LOCATION AND ACCESS
Uniform Resource Identifier http://site.ebrary.com/lib/rucke/Doc?id=10631734

No items available.

© 2026 Rongo University
Contact us: librarian | system librarian | Rongo university